Kabale University Library Catalogue

Normal view MARC view
  • Pollitt, Christopher,

Entry Personal Name

Number of records used in: 1

001 - CONTROL NUMBER

  • control field: 3860

003 - CONTROL NUMBER IDENTIFIER

  • control field: OSt

005 - DATE AND TIME OF LATEST TRANSACTION

  • control field: 20200801115708.0

008 - FIXED-LENGTH DATA ELEMENTS

  • fixed length control field: 200801|| aca||aabn | a|a d

040 ## - CATALOGING SOURCE

  • Original cataloging agency: OSt
  • Transcribing agency: OSt

100 ## - HEADING--PERSONAL NAME

  • Personal name: Pollitt, Christopher,

670 ## - SOURCE DATA FOUND

  • Source citation: Work cat.: (OSt)0: Pollitt, Christopher, Author., Advanced Introduction to Public Management and Administration /

Kabale University Library | Kabale University P.O Box 317, Kabale, Uganda
Tel : +256754017033, +256774661503 E-mail : library@kab.ac.ug